Art Museum of Georgia (Record no. 1588)

000 -LEADER
fixed length control field 00587nam a22002057a 4500
003 - CONTROL NUMBER IDENTIFIER
control field OSt
005 - DATE AND TIME OF LATEST TRANSACTION
control field 20210423061855.0
008 - FIXED-LENGTH DATA ELEMENTS--GENERAL INFORMATION
fixed length control field 210219s1985 ||||| |||| 00| 0 eng d
040 ## - CATALOGING SOURCE
Original cataloging agency eng
Language of cataloging eng
Transcribing agency DLC
041 ## - LANGUAGE CODE
Language code of text/sound track or separate title eng
Language code of original rus
080 ## - UNIVERSAL DECIMAL CLASSIFICATION NUMBER
Universal Decimal Classification number 006.9
Item number S-20
100 ## - MAIN ENTRY--PERSONAL NAME
9 (RLIN) 1009
Personal name Sanikidze, Tamaz
245 ## - TITLE STATEMENT
Title Art Museum of Georgia
Remainder of title : Tbilisi
Statement of responsibility, etc. / by: Aurora Art Publishers
260 ## - PUBLICATION, DISTRIBUTION, ETC.
Place of publication, distribution, etc. Leningrad / Peterborough
Name of publisher, distributor, etc. Aurora Art Publishers
Date of publication, distribution, etc. 1985
300 ## - PHYSICAL DESCRIPTION
Extent 175 p.
Other physical details ill.
650 #0 - SUBJECT ADDED ENTRY--TOPICAL TERM
9 (RLIN) 516
Topical term or geographic name entry element Museum
653 ## - INDEX TERM--UNCONTROLLED
Uncontrolled term მუზეუმი
700 ## - ADDED ENTRY--PERSONAL NAME
9 (RLIN) 1010
Personal name Sokol, Elena
Relator term Translator
942 ## - ADDED ENTRY ELEMENTS (KOHA)
Source of classification or shelving scheme
Koha item type Books
Holdings
Withdrawn status Lost status Source of classification or shelving scheme Damaged status Not for loan Permanent location Current location Date acquired Inventory number Total Checkouts Full call number Barcode Date last seen Price effective from Koha item type
          Ken Walker International University Ken Walker International University 02/19/2021 592   006.9 S-20 592 02/19/2021 02/19/2021 Books
          Ken Walker International University Ken Walker International University 02/19/2021 593   006.9 S-20 593 02/19/2021 02/19/2021 Books

Powered by Koha